Normal view
MARC view
Entry Personal Name
001 - CONTROL NUMBER
- control field: 17133
003 - CONTROL NUMBER IDENTIFIER
- control field: BD-RjUL
005 - DATE AND TIME OF LATEST TRANSACTION
- control field: 20251009125036.0
008 - FIXED-LENGTH DATA ELEMENTS
- fixed length control field: 251009|| aca||aabn | a|a d
040 ## - CATALOGING SOURCE
- Original cataloging agency: BD-RjUL
- Transcribing agency: BD-RjUL
100 ## - HEADING--PERSONAL NAME
- Personal name: الزماں، چودہری خلیق ;; Zaman, Chaudhry Khaliq
670 ## - SOURCE DATA FOUND
- Source citation: Work cat.: (BD-RjUL)85827: الزماں، چودہری خلیق ;; Zaman, Chaudhry Khaliq, شاہراہ پاکستان ;; sharah pakistan / , 1967